O Principezinho procura um amigo (Registo nº 2075)

Detalhes MARC
000 -Etiqueta do registo
Cabeçalho 00770nam a22002651 4500
005 - Identificador da versão
Campo de controlo 20240827113546.0
010 ## - Número internacional normalizado dos livros (ISBN)
Número (ISBN) 9722331809
021 ## - Número do Depósito Legal
Código do país PT
Número 208617/04
100 ## - Dados gerais de processamento
Dados gerais de processamento 20050930d2004 bc y0pory5003 ba
101 1# - Língua de publicação
Língua do texto, banda sonora, etc. Português
Língua do documento no original Francês
102 ## - Pais de publicação ou produção
País de publicação Portugal
105 ## - Campo de dados codificados: livros
Dados codificados dos livros a z 000yy
106 ## - Campo de dados codificados: material textual
Dados codificados do material textual r
200 1# - Titulo e menção de responsabilidade
Título próprio O Principezinho procura um amigo
Primeira menção de responsabilidade segundo Antoine de Saint-Exupéry
205 ## - Menção da edição
Menção da edição 1ª ed.
210 ## - Publicação, Distribuição, etc. 
Lugar da edição, distribuição, etc. Barcarena
Nome do editor, distribuidor, etc. Presença
Data da publicação, distribuição, etc. 2004
215 ## - Descrição física 
Indicação específica da natureza do documento e extensão da espécie [5] p. cartonadas
Outras indicações físicas muito il.
Dimensões 16 cm
225 2# - Colecção 
Título próprio da colecção O mundo do Principezinho
Indicação de volume 4
304 ## - Notas relativas a título e menção de responsabilidade 
Texto da nota Tít. orig.: Le petit Prince trouve un ami
606 ## - Nome comum usado como assunto
Número de registo de entrada de autoridade 0000006
Palavra de ordem Literatura estrangeira infantil
675 ## - Classificação Decimal Universal (CDU)
Notação 82
Edição
Língua da edição por
700 #1 - Nome de autor-pessoa física (responsabilidade principal)
Número de registo de entrada de autoridade 0000649
Palavra de ordem Saint-Exupéry
Outra parte do nome não tomada para palavra de ordem Antoine de
Datas 1900-1944
942 ## - Elementos de entrada adicionados (Koha)
Tipo de item no Koha Livro
Exemplares
Situação do levantamento Origin of item (home branch) (coded) Biblioteca de empréstimo Código de barras Cota Circulation type (not for loan) Tipo de documento Nota do exemplar Damaged status
  Biblioteca Escolar da Coca Maravilhas Biblioteca Escolar da Coca Maravilhas BECM7129/05 8EST SAI   Livro Sem mensagem